Aggregate economic analysis

Uložené v:
Podrobná bibliografia
Hlavný autor: MacKenna, Joseph P.
Médium: Kniha
Jazyk:English
Vydavateľské údaje: Hinsdale Dryden Press 1972
Vydanie:4. ed.
Tagy: Pridať tag
Žiadne tagy, Buďte prvý, kto otaguje tento záznam!

MARC

LEADER 00000nam a2200000 4500
001 c109404
005 20041019155143.9
041 0 |a eng 
044 |a GB 
245 1 0 |a Aggregate economic analysis  |c Joseph P. MacKenna 
250 |a 4. ed. 
264 1 |a Hinsdale  |b Dryden Press  |c 1972 
300 |a 269 s. 
100 1 |a MacKenna, Joseph P.